| 000 | 00661nam a22002057a 4500 | ||
|---|---|---|---|
| 005 | 20170724152431.0 | ||
| 010 | _aENG-119327 | ||
| 020 |
_a9788170289227 _c250.00 |
||
| 020 |
_a817028922x _c250.00 |
||
| 035 | _aEN-102859 | ||
| 037 | _bDBAD/PUB | ||
| 082 | _a881 | ||
| 100 | _a Iqbal,Mohammad | ||
| 245 |
_aBest of Iqbal : _cby Mohammad Iqbal ; transleted by Kuldeep Salil _bselected ghazals and nazms with their English translation and in roman script also/ |
||
| 260 |
_aDelhi _bRajpal & Sons _c2011 |
||
| 270 |
_aKashmere Gate _bDelhi _e110006 |
||
| 300 |
_a245p. _c23cm (Hb) |
||
| 700 | _aKuldeep Salil | ||
| 942 |
_2ddc _cEN _h881 _mIQB |
||
| 999 |
_c142803 _d142803 |
||